000
00228 a2200097 4500
001
32117
100
_a
Deb, Kalyanmoy
245
_a
Optimization for Engineering Design
260
_a
New Delhi
_b
PHI
_c
1995
090
_c
21562
_d
21562
942
_a
NUST-CAE
_c
M
_c
12850
999
_c
267190
_d
267190